00509 a2200145 4500001000700000040002200007041001600029082000900045100002700054245012000081250001000201260002100211490001500232520011600247142475 cLeonardo Da Vinci aPortuguês av217 aEDUCACIONAL SHOP VIDEO aFluxo de energiabo programa computadorizado mostra a transferência energética do nível celular para o global av.1-2 bESVaSão Paulo aTV Ontario aEste vídeo abrange um tema muito importante no curso de Biologia: o fluxo de energia no mundo dos seres vivos